01229nas a2200349 4500001001300000003000900013005001700022007000300039008003400042040005400076041000900130072001300139100002000152100002100172100001600193100002000209100002000229100001700249245011000266650001200376650001000388650002500398650001100423650000800434650001400442773011800456856007100574909004000645942001800685999001900703952015700722BR2019000372BR-BrBNA20231205131600.0ta230509b bl.|||p| |||| 00| 00por d aBR-BrBNAbporcBiblioteca Nacional de Agricultura a(En) aL02; L011 aLudke, M.C.M.M.1 aPimentel, A.C.S.1 aLudke, J.V.1 aSIlva, J.C.N.S.1 aRabello, C.B.V.1 aSantos, J.S.1 aLaying performance and egg quality of japanese quails fed diets containing castor meal and enzyme complex aCODORNA aDIETA aSUPLEMENTO ALIMENTAR aMAMONA aOVO aQUALIDADE0 tBrazilian Journal of Poultry Science (Brazil)xISSN 1806-9061 g(Oct-Dec 2018), v. 20(4) p. 781-787wBR201900037240uhttp://www.scielo.br/pdf/rbca/v20n4/1516-635X-rbca-20-04-00781.pdf a202311bLúciac55dLúcia Elande 2AGRISn0cANA c255566d255566 002AGRIS4071a41918b41918cPeriódicos Agrícolash(Oct-Dec 2018), v. 20(4) p. 781-787l0r2023-11-29t01yCRePortaria Interministerial nº 164/94